000
00417nam a22001217a 4500
040
_c
HS
082
_a
631
100
_a
ត្រាន ថាន់កាញ់
245
_a
ធរណីវិទ្យាអនុវត្តន៍នៅតំបន់ក្តៅសើមនិងនៅកម្ពុជា
260
_a
Cambodia
_b
ត្រាន ថាន់កាញ់
_c
1992
300
_a
65p;
942
_c
KB
999
_c
8855
_d
8855